[Event "Lakitelek Magyarok op"]
[Site "Lakitelek"]
[Date "2011.08.09"]
[Round "5"]
[White "Tuzes, Gyula"]
[Black "Dan, Francisc"]
[Result "1/2-1/2"]
[WhiteElo "1625"]
[BlackElo "1743"]
[PlyCount "172"]
[EventDate "2011.08.06"]
[EventType "swiss"]
[EventRounds "9"]
[EventCountry "HUN"]
[SourceTitle "CBM 144 Extra"]
[Source "ChessBase"]
[SourceDate "2011.10.28"]
[SourceVersion "1"]
[SourceVersionDate "2011.10.28"]
[SourceQuality "1"]

1. e4 g6 2. Nf3 Bg7 3. Bc4 d6 4. c3 c6 5. 0-0 Nf6 6. Re1 Nbd7 7. e5 dxe5 8. Bxf7+ Kf8 9. Bb3 Nd5 10. Ng5 Nc5 11. Qf3+ Bf6 12. d4 Nxb3 13. axb3 Kg7 14. dxe5 Bxg5 15. Bxg5 Rf8 16. Qe4 Bf5 17. Qh4 Rh8 18. e6 h6 19. Qd4+ Nf6 20. Bxf6+ exf6 21. Nd2 Qe7 22. Qd7 Rhe8 23. Qxe7+ Rxe7 24. Nf3 c5 25. h3 b6 26. b4 cxb4 27. cxb4 Rd8 28. Rad1 Rxd1 29. Rxd1 Bxe6 30. Nd4 Kf7 31. Nc6 Rc7 32. Nd8+ Ke7 33. Nxe6 Kxe6 34. Rd8 Rc2 35. Ra8 Rxb2 36. Rxa7 Rxb4 37. Rh7 h5 38. Rc7 b5 39. g3 Rb2 40. Rc6+ Ke5 41. f4+ Kf5 42. Rc5+ Ke4 43. Rc3 b4 44. Rc1 b3 45. h4 Kf3 46. Rc3+ Kg4 47. Kf1 Rb1+ 48. Kf2 Rb2+ 49. Kf1 Kh3 50. Rf3 Rb1+ 51. Kf2 Kg4 52. Rc3 Rb2+ 53. Kf1 f5 54. Ke1 Kh3 55. Kf1 Kh2 56. Re3 Rg2 57. Rxb3 Rxg3 58. Rb2+ Kh3 59. Rf2 Rg4 60. Rf3+ Kxh4 61. Kf2 g5 62. fxg5 Kxg5 63. Rb3 f4 64. Rb5+ Kh6 65. Kf3 Rh4 66. Rf5 Rh1 67. Rf8 Kg5 68. Rg8+ Kh4 69. Kxf4 Rf1+ 70. Ke3 Kh3 71. Ke2 Rf7 72. Re8 Kh2 73. Re3 h4 74. Re4 h3 75. Rg4 Rb7 76. Kf2 Rb2+ 77. Kf3 Rg2 78. Rh4 Rb2 79. Rg4 Kh1 80. Rg5 Rg2 81. Rh5 h2 82. Re5 Rg8 83. Re2 Rg1 84. Rd2 Rf1+ 85. Kg3 Rg1+ 86. Kh3 Re1 1/2-1/2

[Event "HUN-ch Seniors"]
[Site "Ajka"]
[Date "2009.06.27"]
[Round "8"]
[White "Dan, Francisc"]
[Black "Hever, Janos"]
[Result "0-1"]
[WhiteElo "1776"]
[BlackElo "1834"]
[PlyCount "47"]
[EventDate "2009.06.22"]
[EventType "swiss"]
[EventRounds "9"]
[EventCountry "HUN"]
[SourceTitle "EXT 2011"]
[Source "ChessBase"]
[SourceDate "2010.11.26"]
[SourceVersion "1"]
[SourceVersionDate "2010.11.26"]
[SourceQuality "1"]

1. e4 e6 2. d4 d5 3. Nd2 Nf6 4. e5 Nfd7 5. Ndf3 c5 6. c3 Qb6 7. Bd3 cxd4 8. cxd4 Nc6 9. Ne2 Bb4+ 10. Kf1 Be7 11. a3 0-0 12. b4 a6 13. h4 f6 14. exf6 Nxf6 15. Nf4 Ne4 16. Be3 Bd7 17. Ne5 Nxe5 18. dxe5 Qd8 19. Qg4 Qc7 20. Bxe4 dxe4 21. Rd1 Qxe5 22. Bd4 Qb5+ 23. Kg1 e5 24. Bxe5 0-1

[Event "HUN-ch Seniors"]
[Site "Ajka"]
[Date "2009.06.24"]
[Round "4"]
[White "Dan, Francisc"]
[Black "Hendi, Peter"]
[Result "1-0"]
[WhiteElo "1776"]
[BlackElo "1731"]
[PlyCount "93"]
[EventDate "2009.06.22"]
[EventType "swiss"]
[EventRounds "9"]
[EventCountry "HUN"]
[SourceTitle "EXT 2011"]
[Source "ChessBase"]
[SourceDate "2010.11.26"]
[SourceVersion "1"]
[SourceVersionDate "2010.11.26"]
[SourceQuality "1"]

1. e4 e5 2. Nf3 Nc6 3. d4 exd4 4. Bc4 Qe7 5. 0-0 Ne5 6. Nxe5 Qxe5 7. f4 Qc5 8. Bd3 b6 9. Nd2 Bb7 10. Qe2 0-0-0 11. Nb3 Qd6 12. a4 g6 13. a5 Kb8 14. axb6 cxb6 15. Ba6 Ba8 16. Bc4 Re8 17. e5 Qc7 18. Nxd4 f5 19. Nb5 Bc5+ 20. Kh1 Qc6 21. Nxa7 Qb7 22. Nb5 d5 23. Bd3 Nf6 24. Be3 d4 25. Bxd4 Bxd4 26. Nxd4 Ng4 27. Qf3 Ne3 28. Qxb7+ Bxb7 29. Rf2 Nd5 30. c3 Rhf8 31. Nb5 Re7 32. Be2 Ne3 33. Bf3 Bxf3 34. Rxf3 Nd5 35. g3 Ref7 36. Rd1 Ne7 37. Rfd3 Nc6 38. Rd7 Rxd7 39. Rxd7 Rd8 40. Rxd8+ Nxd8 41. Kg2 Ne6 42. Kf3 h5 43. Ke3 Kb7 44. b4 Kc8 45. Nd4 Kd7 46. Nxe6 Kxe6 47. Kd4 1-0

[Event "HUN-ch Seniors"]
[Site "Ajka"]
[Date "2008.06.27"]
[Round "7"]
[White "Dan, Francisc"]
[Black "Engel, Tibor"]
[Result "0-1"]
[WhiteElo "1901"]
[BlackElo "1901"]
[PlyCount "76"]
[EventDate "2008.06.23"]
[EventType "swiss"]
[EventRounds "9"]
[EventCountry "HUN"]
[SourceTitle "EXT 2011"]
[Source "ChessBase"]
[SourceDate "2010.11.26"]
[SourceVersion "1"]
[SourceVersionDate "2010.11.26"]
[SourceQuality "1"]

1. Nf3 Nf6 2. c4 e6 3. g3 d5 4. Bg2 c6 5. Qc2 Be7 6. 0-0 Nbd7 7. d4 dxc4 8. Qxc4 Nb6 9. Qc2 Nbd5 10. a3 Bd7 11. e4 Nb6 12. b4 a5 13. bxa5 Rxa5 14. Bb2 Na4 15. Nbd2 Nxb2 16. Qxb2 Bc8 17. Nc4 Ra6 18. Qe2 0-0 19. Rfd1 b5 20. Nce5 Bxa3 21. Nxc6 Qc7 22. Nfe5 Bd6 23. Rxa6 Bxa6 24. f4 Nd7 25. Nxd7 Qxd7 26. d5 exd5 27. exd5 Re8 28. Qb2 Qg4 29. Ra1 Qc8 30. Bf3 b4 31. Rc1 Qb7 32. Kg2 Qb5 33. Nd4 Qd3 34. Rd1 Qa3 35. Qc2 g6 36. Rd2 Re3 37. Qb2 Rd3 38. Qxa3 Rxd2+ 0-1